000 00780nam a2200265Ia 4500
003 OSt
005 20220924124806.0
006 a|||||r|||| 00| 0
007 ta
008 220923b |||||||| |||| 00| 0 urd d
020 _a18190348655 (hbk)
020 _c500
024 _a270275
037 _b5534/3, 06/03/2009, Modern Publishing House
_cTextual
040 _aARTS
_cARTS
_burd
041 _2urd
_aurd
082 _aO168,2N26x, P7
100 _aRifat Sarosh
_9172755
245 0 _aJahan e raqs o naghma
260 _aNoida
_bNavrang Kitab Ghar India
_c2007
300 _a544p.
_ccm.
650 _aLiterature Urdu
942 _hO168,2N26x, P7
_cTEXL
_2CC
999 _c421001
_d421001